| 000 | 00338nam a2200133Ia 4500 | ||
|---|---|---|---|
| 005 | 20251222175934.0 | ||
| 008 | 251222s9999||||xx |||||||||||||| ||spa|| | ||
| 020 | _a978-9972-234-39-2 | ||
| 082 | _a344.01/J54T | ||
| 100 | _aJiménez Coronado, Ludmin Gustavo | ||
| 245 | 0 | _aManual Práctico Laboral: | |
| 264 | _bPacífico | ||
| 942 | _cLIB | ||
| 999 |
_c41131 _d41131 |
||